Fiscal Policy During the Demise of Central Planning : The Transition to a Market Economy /

This paper constructs an intertemporal general equilibrium model designed to examine an economy in transition from central planning to being market oriented. A numerical algorithm is developed to obtain a solution for the model. Simulations using stylized country-specific data examine the effects of...

Ful tanımlama

Detaylı Bibliyografya
Yazar: Feltenstein, Andrew
Materyal Türü: Dergi
Dil:English
Baskı/Yayın Bilgisi: Washington, D.C. : International Monetary Fund, 1990.
Seri Bilgileri:IMF Working Papers; Working Paper ; No. 1990/092
Online Erişim:Full text available on IMF
LEADER 01727cas a2200241 a 4500
001 AALejournalIMF000892
008 230101c9999 xx r poo 0 0eng d
020 |c 5.00 USD 
020 |z 9781451951417 
022 |a 1018-5941 
040 |a BD-DhAAL  |c BD-DhAAL 
100 1 |a Feltenstein, Andrew. 
245 1 0 |a Fiscal Policy During the Demise of Central Planning :   |b The Transition to a Market Economy /  |c Andrew Feltenstein. 
264 1 |a Washington, D.C. :  |b International Monetary Fund,  |c 1990. 
300 |a 1 online resource (32 pages) 
490 1 |a IMF Working Papers 
500 |a <strong>Off-Campus Access:</strong> No User ID or Password Required 
500 |a <strong>On-Campus Access:</strong> No User ID or Password Required 
506 |a Electronic access restricted to authorized BRAC University faculty, staff and students 
520 3 |a This paper constructs an intertemporal general equilibrium model designed to examine an economy in transition from central planning to being market oriented. A numerical algorithm is developed to obtain a solution for the model. Simulations using stylized country-specific data examine the effects of price controls during the transition period, as well as of imposing taxes on returns to investment, and on interest earned on private savings. The paper concludes that, under certain circumstances, the taxation of investment as well as of private savings may have positive effects upon consumer welfare, if price distortions are sufficiently severe. 
538 |a Mode of access: Internet 
830 0 |a IMF Working Papers; Working Paper ;  |v No. 1990/092 
856 4 0 |z Full text available on IMF  |u http://elibrary.imf.org/view/journals/001/1990/092/001.1990.issue-092-en.xml  |z IMF e-Library